| Tag |
First Indicator |
Second Indicator |
Subfields |
| LEADER |
00000cam a2200000 a 4500 |
| 001 |
in00001093521 |
| 005 |
20150929181149.0 |
| 008 |
811023r19481942gw 000 0 ger d |
| 035 |
|
|
|a (OCoLC)07874297
|
| 035 |
|
|
|9 AFR9585AM
|
| 040 |
|
|
|a OKU
|c OKU
|d TXA
|d UtOrBLW
|
| 049 |
|
|
|a TXAM
|
| 090 |
|
|
|a D16.9
|b .M3125 1948
|
| 100 |
1 |
|
|a Meinecke, Friedrich,
|d 1862-1954.
|
| 245 |
1 |
0 |
|a Aphorismen und skizzen zur geschichte /
|c Friedrich Meinecke.
|
| 250 |
|
|
|a 2. erweiterte Auflage.
|
| 264 |
|
1 |
|a Stuttgart :
|b Koehler,
|c [1948]
|
| 264 |
|
4 |
|c [©1942]
|
| 300 |
|
|
|a 180 pages ;
|c 20 cm.
|
| 336 |
|
|
|a text
|b txt
|2 rdacontent
|
| 337 |
|
|
|a unmediated
|b n
|2 rdamedia
|
| 338 |
|
|
|a volume
|b nc
|2 rdacarrier
|
| 505 |
0 |
|
|a Aphorismen : Allgemeines über historismus und aufklärungshistorie. Möser. Herder. Goethe. Ranke.--Skizzen : Ein wort über geschichtliche entwicklung. Von der krisis des historismus. Deutung eines Rankeworts. Gedanken über welt- und universalgeschichte. Ranke und Burckhardt.
|
| 650 |
|
0 |
|a History
|x Philosophy.
|
| 650 |
|
0 |
|a Aphorisms and apothegms.
|
| 999 |
|
|
|a MARS
|
| 999 |
f |
f |
|s d9d40baf-b1d9-3796-bfb3-91992799a924
|i 31e43acf-19e7-35ae-a024-674f4978231e
|t 0
|
| 952 |
f |
f |
|p ric
|a Texas A&M University
|b Rellis Campus
|c Joint Library Facility
|d Remote Storage
|t 0
|e D16.9 .M3125 1948
|h Library of Congress classification
|i unmediated -- volume
|m A14816388146
|
| 998 |
f |
f |
|a D16.9 .M3125 1948
|t 0
|l Remote Storage
|